| 000 | 00634cam a2200229 a 4500 | ||
|---|---|---|---|
| 999 |
_c3705 _d3705 |
||
| 001 | 17521 | ||
| 003 | BD-DhUAP | ||
| 005 | 20200311112145.0 | ||
| 008 | 200311s2003 ii b 000 0 eng d | ||
| 020 | _a8176494283 | ||
| 040 |
_aUKM _cUKM _dBD-DhUAP _bEng |
||
| 082 | 0 | 0 |
_223 _a821.7 CAL |
| 100 | _aCalder, Angus. | ||
| 245 | 1 | 4 |
_aByron / _cAngus Calder. |
| 260 |
_aNew Delhi : _bViva books private ltd., _cc2003. |
||
| 300 |
_aviii, 97 pages ; _c20 cm. |
||
| 504 | _aIncludes bibliography and indexes. | ||
| 600 | _aByron, George Gordon Byron, Baron. | ||
| 650 | _aEnglish poetry. | ||
| 650 | _aPoets, English. | ||
| 942 |
_2ddc _cBK |
||